| 000 | 00718nam a2200229Ia 4500 | ||
|---|---|---|---|
| 005 | 20260629163254.0 | ||
| 008 | 260629s9999||||xx |||||||||||||| ||und|| | ||
| 020 |
_a9780822348481 _qpbk |
||
| 082 |
_a300.1 _bPAL |
||
| 100 | _aPalumbo-Liu, David [ed.] | ||
| 245 | 0 | _aImmanuel Wallerstein and the problem of the world : system, scale, culture | |
| 260 |
_aLondon _bDuke University Press _c2011 |
||
| 300 | _aviii, 263p. ; 23cm. | ||
| 653 | _aCapitalism | ||
| 653 | _aGlobalization | ||
| 653 | _aSocial sciences—Philosophy | ||
| 653 | _aWallerstein, Immanuel Maurice, 1930-2019 | ||
| 653 | _aWorld-systems analysis | ||
| 700 | _aRobbins, Bruce [ed.] | ||
| 700 | _aTanoukhi, Nirvana [ed.] | ||
| 942 | _cBK | ||
| 999 |
_c57306 _d57306 |
||